000 00864nam a22002657a 4500
999 _c75256
_d75256
005 20210325213913.0
008 s2015 eng d
020 _a9780262527330
040 _aNALT
041 _aeng
050 _aTP 318
_bE54 2015
245 0 0 _aEnding the fossil fuel era /
_cedited by Thomas Princen, Jack P. Manno, and Pamela L. Martin.
260 _aLondon :
_bThe MIT Press,
_c2015.
300 _a374 p. :
_bill., tables ;
_c23 cm.
650 0 _aEnvironmental degradation
_920827
650 0 _aEnergy
_920828
_xGovernment policy
650 0 _aEnergy security
_920829
650 0 _aFossil fuels
_920830
700 1 _920831
_aPrincen, Thomas
700 1 _920832
_aManno, Jack
700 1 _920833
_aMartin, Pamela
850 _aNALT
942 _cGB
_2lcc